Efecto de variar el numero de  labes en la turbina Banki

保存先:
書誌詳細
第一著者: Bonilla Bonilla, Hugo Edgardo
フォーマット: 図書
言語:Undetermined
出版事項: 1984
タグ: タグ追加
タグなし, このレコードへの初めてのタグを付けませんか!

MARC

LEADER 00000nam a2200000Ia 4500
003 002707
005 20221231144405.0
008 140114s9999 xx 000 0 und d
040 |c cru CEDI 
100 |a Bonilla Bonilla, Hugo Edgardo  |9 14664 
245 |a Efecto de variar el numero de  labes en la turbina Banki 
260 |c 1984 
942 |c TFG  |2 ddc 
999 |c 21178  |d 21178